000 002810000a22001330004500
003 MACL
040 _aMACL
090 _c32817
_d32815
100 _aFarkas, Bart
245 _aUpgrading PCs
260 _bPeachpit press
_c1999
650 _aComputer science
942 _cBOOK
_k004/Far
999 _c32481
_d32481